カタカナ以外が名前に含まれるポケモン - Statistics

General Stats
  • This quiz has been taken 374 times
  • The average score is 5 of 9
Answer Stats
Answer % Correct
ポリゴン2
75%
ポリゴンZ
72%
ニドラン♀
59%
ニドラン♂
59%
カプ・コケコ
54%
カプ・レヒレ
49%
カプ・テテフ
48%
カプ・ブルル
46%
タイプ:ヌル
38%
No matching quizzes found
Score Distribution
Percent of People with Each Score
Percentile by Number Answered
Your Score History
You have not taken this quiz